| 000 | 00638nam a22001937a 4500 | ||
|---|---|---|---|
| 005 | 20251108175724.0 | ||
| 008 | 250721s2019 xx 000 0 ara d | ||
| 082 | 1 | 4 | _a611.8/قسط |
| 100 | 1 |
_a)قسطندي)Costandi، )محب)Moheb _eمؤلف |
|
| 245 | 1 | 0 | _a50 فكرة اساسية تحتاجها لتعرف المخ البشري / |
| 250 | _aالاولى | ||
| 264 | 1 |
_aالقاهرة : _bالمجموعة العربية للتدريب والنشر، _c2019. |
|
| 300 | _a312 ص | ||
| 650 | 1 | 7 | _aالجهاز العصبي المركزي |
| 650 | 1 | 7 | _aالدماغ |
| 650 | 1 | 7 | _aالمخ |
| 942 |
_2ddc _cBK |
||
| 999 |
_c140834 _d140834 |
||